000 00468cam a2200181ua 4500
001 2904
008 110915n ii |||gr||||Z||||||asm
040 _cMAIN
082 _a920
100 1 _aBora, Debendranath,
_eAuthor.
245 1 1 _aBishnu rabhar sangami abha
_cby Debendranath Bora
250 _a1st.
260 _aDibrugarh:
_bBani mandir,996.
300 _a159p:
_c23cm.
653 _aBiography
653 _aBiography of Bishnu rabhar sangami abha
942 _cBK
999 _c2752
_d2752